000 00611nam a2200193 4500
001 121547
003 ES-MaACL
005 20230906191753.0
007 t|
008 070214s1962 sp r ||||1| spa d
245 0 0 _aPlanificación financiera de la empresa /
_cpor José Luis de Urquijo y de la Puente.
260 _aBilbao :
_bDeusto,
_c1962.
300 _a277 p. :
_bil. ;
_c25 cm.
490 1 _aColección gestión Deusto
700 1 _aUrquijo y de la Puente, José Luis de.
_9112210
830 0 _aColección gestión Deusto
_9218753
852 _aES-MaACL
_jC-21839
_bR.50325
999 _c121547
_d121547